LEADER 01615nam a2200289 i 4500 001 000000155997 003 CaOOAMICUS 005 20200206104709.0 008 061125s2005 it u100 u ita u 013 $a133351 020 $a88-343-1994-X 040 $aSeMil$bita 111 0 $aInternational conference on science and faith <2000 ; Cittą del Vaticano>.$0(OLS)http://semarc/name/110242 240 14$aThe human search for truth: philosophy, science, theology.$0(OLS)http://semarc/title/228584 245 12$aL'uomo alla ricerca della veritą :$bfilosofia, scienza, teologia: prospettive per il terzo millennio : conferenza internazionale su scienza e fede, Cittą del Vaticano, 23-25 maggio 2000. 264 1$aMilano :$bV&P Universitą,$c2005. 300 $aXXXVI, 276 p. ;$c22 cm. 650 4$aScienza e fede - Congressi.$0(OLS)http://semarc/subject/47960 650 4$aVeritą - Teologia.$0(OLS)http://semarc/subject/10749 650 4$aVeritą - Filosofia.$0(OLS)http://semarc/subject/3000 830 0$aUniversitą. Ricerche [V&P].$0(OLS)http://semarc/title/20839 850 $aSeMil 852 $aSeMil$W1$xVenegono$y1$m2B VII 73$j218446$B230373$CSeMilBibl$Z2$F230373 $81 996 $6020$a88-343-1994-X$9(OLS)http://semarc/number/146095 996 $6245$aL'uomo alla ricerca della veritą :$bfilosofia, scienza, teologia: prospettive per il terzo millennio : conferenza internazionale su scienza e fede, Cittą del Vaticano, 23-25 maggio 2000$9(OLS)http://semarc/title/420317 996 $6264$aMilano :$bV&P Universitą$9(OLS)http://semarc/publisher/32087 LEADER 01217nam a2200277 i 4500 001 000000185928 003 CaOOAMICUS 005 20100218000000.0 008 100218s1939 it u000 u mul u 013 $a163965 040 $aSeMil$bita 100 0 $aBasilius : Caesariensis,$c.$0(OLS)http://semarc/name/99860 245 10$aParte seconda. 300 $a587 p. 490 0 $aCorona Patrum : collezione di testi patristici greci, latini e orientali 490 0 $aCorona Patrum Salesiana. Serie Greca ;$v5. 500 $aTesto in lingua originale con traduzione italiana a fronte. 700 1 $aTrevisan, Pietro.$0(OLS)http://semarc/name/10246 773 0 $aBasilius : Caesariensis $tCommento al Profeta Isaia.$dTorino : Societą Editrice Internazionale, 1939.$w()22933 830 0$aCorona Patrum.$0(OLS)http://semarc/title/596 830 0$aCorona Patrum Salesiana. Serie greca ;$v5.$0(OLS)http://semarc/title/7323 850 $aSeMil 852 $aSeMil$W1$xVenegono$y1$m2T I 105$j136615$B136615$CSeMilBibl$Z2$F148171 $81 900 1 $aBasilius : Magnus . 996 $6245$aParte seconda$9(OLS)http://semarc/title/101303